| 000 | 00360nam a2200109 4500 | ||
|---|---|---|---|
| 008 | 160629b xxu||||| |||| 00| 0 eng d | ||
| 100 |
_91306 _a Goel, D.K., et al |
||
| 245 | _aAnalysis of Financial Statements : Including Project Reports | ||
| 260 |
_aN.D _b Arya _c2005 |
||
| 300 | _aAnalysis of Financial Statements : Including Project Reports | ||
| 942 |
_2ddc _cBK |
||
| 999 |
_c1068 _d1068 |
||